Przywódcy Państw Podczas II Wojny Światowej - Statystyki

Ogólne statystyki
  • Ten quiz został rozwiązany 360 razy
  • Średni wynik to 5 z 9
Statystyki odpowiedzi
Hint Odpowiedź % Poprawnych
III Rzesza Adolf Hitler
99%
ZSRR Józef Stalin
85%
Włochy Benito Mussolini
80%
Wielka Brytania Winston Churchill
69%
Japonia Hirohito
57%
USA Franklin Delano Roosevelt
52%
Francja Charles de Gaulle
32%
Polska Władysław Raczkiewicz
17%
Dania Chrystian X
7%
Nie znaleziono quizów pasujących do podanych kryteriów
Rozkład punktacji
Procent ludzi z każdym wynikiem
Percentyl według liczby udzielonych odpowiedzi
Twoja historia wyników
Nie rozwiązałeś tego quizu